00730nam a22001817a 4500003000900000008004100009040007100050082003300121245011500154260003700269300002900306505007300335650003100408650004200439650002600481650001100507700003000518AR-CdUCM190402b ||||| |||| 00| 0 spa d aMUNICIPALIDAD PROVINCIAL DEL CUSCOcBIBLIOTECA MUNICIPAL DEL CUSCO a343.2/L25/1897bL252Segunda aLa constitución del Perú con sus reformas hasta 1897 :bexplicada y anotada para las escuelas y colegios / aLima ;bImprenta Ledesma,c1897. a137 Páginas. :c21 cm. aContenido : Constitución Política del Perú del año de 1897. aCongreso de la República aConstitución Política del Perú  aLegislación peruana aPerú aMiguel Antonio de la Lama